LEADER 02000nam a2200409 a 4500 001 000000135632 003 CaOOAMICUS 005 20131008093819.0 008 131008s2012 it a u000 u ita r 020 $a978-88-7228-677-7 040 $aPUL$bita 041 0 $aita$aeng$ager 082 04$a937.08 245 00$aCostantino prima e dopo Costantino =$bConstantine before and after Constantine /$ca cura di Giorgio Bonamente, Noel Lenski, Rita Lizzi Testa. 246 31$aConstantine before and after Constantine 260 $aBari :$bEdipuglia,$c2012. 300 $aXLVIII, 600 p. :$bill. ;$c24 cm 490 1 $aMunera ;$v35 500 $aComprende gli atti del Convegno tenutosi dal 27 al 30 aprile 2011. 504 $aBibliografia in nota. 546 $aInterventi in italiano, inglese, tedesco. 600 04$aConstantinus Magnus,$cimperatore romano,$d272-337$vCongressi.$0(OLS)http://pul/subject/35047 600 04$aConstantinus Magnus,$cimperatore romano,$d272-337$xCritica e interpretazione.$0(OLS)http://pul/subject/13204 650 4$aImperatori romani$xBiografia.$0(OLS)http://pul/subject/4650 700 1 $aBonamente, Giorgio.$0(OLS)http://pul/name/39611 700 1 $aLizzi Testa, Rita.$0(OLS)http://pul/name/87332 700 1 $aLenski, Noel Emmanuel,$d1965-$0(OLS)http://pul/name/87331 830 0$aMunera ;$v35.$0(OLS)http://pul/title/171489 850 $aPUL 852 $aPUL$W1$xSL Cons. Gen., Altre Classi 3$y75$m937. 08 BONGI 1$j156423$qDDC 21$B155769$CPULBib$Z2$F155769 $H122917 $82 941 1 $a9 996 $6020$a978-88-7228-677-7$9(OLS)http://pul/number/153635 996 $6082$a937.08$9(OLS)http://pul/classification/2564 996 $6245$aCostantino prima e dopo Costantino =$bConstantine before and after Constantine$9(OLS)http://pul/title/171487 996 $6246$aConstantine before and after Constantine$9(OLS)http://pul/title/171488 996 $6260$aBari :$bEdipuglia$9(OLS)http://pul/publisher/48030 LEADER 01244nam a2200265 a 4500 001 000000152009 003 CaOOAMICUS 005 20160525152537.0 008 160525s1937 it f 000 u ita r 032 $aLibriCat 040 $aPUL$bita 100 1 $aClangor, P.$0(OLS)http://pul/name/96714 245 13$aLa grande guerra, massoneria, bolscevismo, e l'avvenire del mondo nelle visioni profetiche dell'Apocalisse /$cP. Clangor. 260 $aBrescia :$bTipografia Giulio Vannini,$c1937. 300 $a61 p. :$btav. ;$c23 cm. 504 $aBibliografia in nota a pič pagina. 630 04$aBiblia.$pN.T.$pApocalypsis$xCritica e interpretazione.$0(OLS)http://pul/subject/7796 650 4$aBolscevismo.$0(OLS)http://pul/subject/6716 650 4$aMassoneria.$0(OLS)http://pul/subject/22736 850 $aPUL 852 $aPUL$W1$xDP1 Cons. Gen., Altre Classi 1$y22$m931 D 3$j174717$qStampati$B177272$CPULBib$Z2$F177272 $H10348 $81 941 1 $a8 996 $6245$aLa grande guerra, massoneria, bolscevismo, e l'avvenire del mondo nelle visioni profetiche dell'Apocalisse$9(OLS)http://pul/title/191345 996 $6260$aBrescia :$bTipografia Giulio Vannini$9(OLS)http://pul/publisher/85006